Motivación en los niños (Registro nro. 9391)
[ vista simple ]
| 000 -LEADER | |
|---|---|
| fixed length control field | 00738nmm a22002297a 4500 |
| 005 - DATE AND TIME OF LATEST TRANSACTION | |
| control field | 20170608085519.0 |
| 008 - FIXED-LENGTH DATA ELEMENTS--GENERAL INFORMATION | |
| fixed length control field | 170512b xxu||||| |||| 00| 0 spa d |
| 020 ## - INTERNATIONAL STANDARD BOOK NUMBER | |
| ISBN | 9589308813 |
| 041 ## - LANGUAGE CODE | |
| Language code of text/sound track or separate title | spa |
| 082 ## - CLASIFICACIÓN | |
| Clasificación | 775 DC |
| 100 ## - AUTOR | |
| Autor | Thoumi, Samira |
| 245 ## - TÍTULO | |
| Title | Motivación en los niños |
| 260 ## - PUBLICATION, DISTRIBUTION, ETC. (IMPRINT) | |
| Place of publication | Colombia |
| 260 ## - PUBLICATION, DISTRIBUTION, ETC. (IMPRINT) | |
| Name of publisher | Gamma |
| 260 ## - PUBLICATION, DISTRIBUTION, ETC. (IMPRINT) | |
| Year of publication | 2009 |
| 500 ## - GENERAL NOTE | |
| General note | Disco interactivo con juegos y actividades para niños de 0 a 10 años. |
| 500 ## - GENERAL NOTE | |
| General note | Este disco compacto viene acompañado del libro Técnicas de la motivación infantil en la educación infantil. Tomo I. 0 a 2 años. 371.3/T525t. |
| 650 ## - SUBJECT ADDED ENTRY--TOPICAL TERM | |
| Topical Term | HEMISFERIOS |
| 650 ## - SUBJECT ADDED ENTRY--TOPICAL TERM | |
| Topical Term | DESTREZA VISUAL |
| 650 ## - SUBJECT ADDED ENTRY--TOPICAL TERM | |
| Topical Term | DESTREZA AUDITIVA |
| 942 ## - ADDED ENTRY ELEMENTS (KOHA) | |
| Koha item type | Disco Compacto |
| Withdrawn status | Lost status | Damaged status | Not for loan | Home library | Current library | Date acquired | Total Checkouts | Full call number | Accession Number | Date last seen | Date checked out | Price effective from | Koha item type |
|---|---|---|---|---|---|---|---|---|---|---|---|---|---|
| Departamento de Biblioteca y Documentación Alfonso Chase Brenes | Departamento de Biblioteca y Documentación Alfonso Chase Brenes | 12/05/2017 | 1 | 775 DC | 775DC | 09/06/2017 | 12/05/2017 | 12/05/2017 | Disco Compacto |